| 000 | 00399nam a2200169Ia 4500 | ||
|---|---|---|---|
| 005 | 20251020182609.0 | ||
| 008 | 200515s9999 xx 000 0 und d | ||
| 082 | _aSC/621.9.02/I59-OP | ||
| 110 | _aInstituto Nacional de Aprendizaje | ||
| 245 | 0 | _aCarpinterÃa O P | |
| 260 | _aSan José | ||
| 260 | _c1985 | ||
| 300 | _as. n. | ||
| 650 | _aCARPINTERIA | ||
| 650 | _aHERRAMIENTAS | ||
| 942 | _cLIB | ||
| 999 |
_c3295 _d3295 |
||